NFL Top 100 Players of 2025 - Statistics

General Stats
  • This quiz has been taken 91 times
  • The average score is 43 of 100
Answer Stats
Rank Answer Position Team Rank Change
From Last Season
Accomplishments % Correct
1. Saquon Barkley RB Eagles +85 -Super Bowl champ-OPOY winner -2,005 rushing yards -13 rushing touchdowns -1st team all-pro -Made pro bowl
100%
2. Lamar Jackson QB Ravens +0 -4,172 passing yards-41 passing touchdowns -915 rushing yards -6.6 rushing yards per carry -1st team all-pro -Made pro bowl
99%
7. Derrick Henry RB Ravens +42 -1,921 rushing yards-16 rushing touchdowns -2nd team all-pro -Made pro bowl
97%
4. Ja'Marr Chase WR Bengals +41 -127 catches-1,708 receiving yards -17 receiving touchdowns -Triple crown -1st team all-pro -Made pro bowl
97%
6. Joe Burrow QB Bengals +33 -CPOTY winner-4,918 passing yards -43 passing touchdowns -Made pro bowl
97%
3. Josh Allen QB Bills +9 -MVP winner-3,731 passing yards -28 passing touchdowns -531 rushing yards -12 rushing touchdowns -2nd team all-pro -Made pro bowl
97%
5. Patrick Mahomes QB Chiefs -1 -3,928 passing yards-26 passing touchdowns
97%
9. Justin Jefferson WR Vikings +9 -103 catches-1,533 receiving yards -10 receiving touchdowns -1st team all-pro -Made pro bowl
96%
8. Myles Garrett DE Browns -3 -40 tackles-14 sacks -1 pass defended -3 forced fumbles -1 fumble recovery -1st team all-pro -Made pro bowl
95%
11. T.J. Watt LB Steelers -3 -40 tackles-11.5 sacks -4 passes defended -6 forced fumbles -2nd team all-pro -Made pro bowl
89%
12. Chris Jones DT Chiefs -6 -19 tackles-5 sacks -1 forced fumble -1st team all-pro -Made pro bowl
88%
15. Jared Goff QB Lions +33 -4,629 passing yards-37 passing touchdowns -Made pro bowl
88%
10. Patrick Surtain CB Broncos +42 -DPOY winner-34 tackles -11 passes defended -4 interceptions -1 forced fumble -1st team all-pro -Made pro bowl
87%
13. Penei Sewell OT Lions +9 -1st team all-pro-Made pro bowl
80%
20. Amon-Ra St. Brown WR Lions +3 -115 catches-1,263 receiving yards -12 receiving touchdowns -1st team all-pro -Made pro bowl
76%
16. Fred Warner LB 49ers -5 -76 tackles-1 sack -7 passes defended -4 forced fumbles -2 interceptions -1st team all-pro -Made pro bowl
75%
19. Jalen Hurts QB Eagles -4 -Super Bowl champ-Super Bowl MVP -2,903 passing yards -18 passing touchdowns
75%
21. Jayden Daniels QB Commanders N/A -OROY winner-3,568 passing yards -25 passing touchdowns -Made pro bowl
72%
22. Maxx Crosby DE Raiders -12 -28 tackles-7.5 sacks -5 passes defended -Made pro bowl
68%
27. Jahmyr Gibbs RB Lions N/A -1,412 rushing yards-16 rushing touchdowns -Made pro bowl
63%
24. Brock Bowers TE Raiders N/A -112 catches-1,194 receiving yards -5 receiving touchdowns -1st team all-pro -Made pro bowl
58%
23. Lane Johnson OT Eagles +18 -Super Bowl champ-2nd team all-pro -Made pro bowl
58%
29. A.J. Brown WR Eagles -8 -Super Bowl champ-67 catches -1,079 receiving yards -7 receiving touchdowns -2nd team all-pro
57%
35. CeeDee Lamb WR Cowboys -22 -101 catches-1,194 receiving yards -6 receiving touchdowns -2nd team all-pro -Made pro bowl
54%
39. C.J. Stroud QB Texans -19 -3,727 passing yards-20 passing touchdowns
53%
31. George Kittle TE 49ers -17 -78 catches-1,106 receiving yards -8 receiving touchdowns -2nd team all-pro -Made pro bowl
53%
41. Puka Nacua WR Rams -8 -79 catches-990 receiving yards -3 receiving touchdowns
53%
37. Travis Kelce TE Chiefs -28 -97 catches-823 receiving yards -3 receiving touchdowns -Made pro bowl
53%
17. Dexter Lawrence DT Giants +7 -23 tackles-9 sacks -1 pass defended -1 forced fumble -Made pro bowl
51%
47. Tyreek Hill WR Dolphins -46 -81 catches-959 receiving yards -6 receiving touchdowns
51%
44. Mike Evans WR Buccaneers -18 -74 catches-1,004 receiving yards -11 receiving touchdowns -Made pro bowl
50%
32. Nico Collins WR Texans N/A -68 catches-1,006 receiving yards -7 receiving touchdowns -Made pro bowl
50%
50. Baker Mayfield QB Buccaneers N/A -4,500 passing yards-41 passing touchdowns -Made pro bowl
49%
33. Josh Jacobs RB Packers N/A -1,329 rushing yards-15 rushing touchdowns -Made pro bowl
49%
59. Matthew Stafford QB Rams -17 -3,762 passing yards-20 passing touchdowns
47%
56. Justin Herbert QB Chargers +19 -3,870 passing yards-23 passing touchdowns
46%
36. Micah Parsons DE Cowboys -19 -30 tackles-12 sacks -1 pass defended -2 forced fumbles -Made pro bowl
46%
64. Bo Nix QB Broncos N/A -3,775 passing yards-29 passing touchdowns
43%
14. Trey Hendrickson DE Bengals +63 -33 tackles-17.5 sacks -6 passes defended -2 forced fumbles -1st team all-pro -Made pro bowl
42%
62. Bijan Robinson RB Falcons N/A -1,456 rushing yards-14 rushing touchdowns -Made pro bowl
41%
73. Christian McCaffrey RB 49ers -70 -202 rushing yards
41%
18. Derek Stingley CB Texans N/A -37 tackles-18 passes defended -5 interceptions -1st team all-pro -Made pro bowl
41%
68. Jordan Love QB Packers -34 -3,389 passing yards-25 passing touchdowns
41%
79. Dak Prescott QB Cowboys -63 -1,978 passing yards-11 passing touchdowns
39%
57. Nick Bosa DE 49ers -30 -33 tackles-9 sacks -1 pass defended -1 forced fumble -1 fumble recovery -1 interception -Made pro bowl
39%
67. Malik Nabers WR Giants N/A -104 catches-1,204 receiving yards -7 receiving touchdowns -Made pro bowl
38%
55. Aidan Hutchinson DE Lions -8 -12 tackles-7.5 sacks -1 forced fumble
37%
34. Budda Baker S Cardinals +55 -95 tackles-2 sacks -5 passes defended -1 forced fumble -2nd team all-pro -Made pro bowl
37%
58. Joe Mixon RB Texans N/A -1,016 rushing yards-11 rushing touchdowns -Made pro bowl
37%
52. Terry McLaurin WR Commanders +45 -82 catches-1,096 receiving yards -13 receiving touchdowns -2nd team all-pro -Made pro bowl
37%
72. Sam Darnold QB Vikings N/A -4,319 passing yards-35 passing touchdowns -Made pro bowl
36%
45. Trent Williams OT 49ers -38 None
36%
61. Brian Thomas WR Jaguars N/A -87 catches-1,282 receiving yards -10 receiving touchdowns -Made pro bowl
34%
40. Roquan Smith LB Ravens -21 -81 tackles-1.5 sacks -4 passes defended -1 forced fumble -1 fumble recovery -1 interception -1st team all-pro -Made pro bowl
34%
65. Trey McBride TE Cardinals N/A -111 catches-1,146 receiving yards -2 receiving touchdowns -Made pro bowl
34%
91. Tua Tagovailoa QB Dolphins -55 -2,867 passing yards-19 passing touchdowns
34%
25. Danielle Hunter DE Texans +43 -31 tackles-12 sacks -3 passes defended -1 forced fumble -Made pro bowl
33%
28. Tristan Wirfs OT Buccaneers +57 -1st team all-pro-Made pro bowl
33%
89. James Cook RB Bills N/A -1,009 rushing yards-16 rushing touchdowns -Made pro bowl
32%
82. Jerry Jeudy WR Browns N/A -90 catches-1,229 receiving yards -4 receiving touchdowns -Made pro bowl
32%
51. Kyle Hamilton S Ravens -8 -77 tackles-2 sacks -9 passes defended -2 forced fumbles -1 fumble recovery -1 interception -2nd team all-pro -Made pro bowl
32%
77. Tee Higgins WR Bengals N/A -73 catches-911 receiving yards -10 receiving touchdowns
32%
30. Xavier McKinney S Packers N/A -60 tackles-1 sack -11 passes defended -1 fumble recovery -8 interceptions -1st team all-pro -Made pro bowl
32%
85. Kyren Williams RB Rams -7 -1,299 rushing yards-14 rushing touchdowns
30%
26. Zack Baun LB Eagles N/A -Super Bowl champ-93 tackles -3.5 sacks -4 passes defended -5 forced fumbles -1 fumble recovery -1 interception -1st team all-pro -Made pro bowl
30%
60. Cooper DeJean CB Eagles N/A -Super Bowl champ-38 tackles -0.5 sack -6 passes defended -1 forced fumble -3 fumble recoveries
29%
54. Derwin James S Chargers +29 -60 tackles-5.5 sacks -7 passes defended -1 fumble recovery -1 interception -2nd team all-pro -Made pro bowl
29%
43. Jalen Carter DT Eagles N/A -Super Bowl champ-25 tackles -4.5 sacks -6 passes defended -2 forced fumbles -2nd team all-pro -Made pro bowl
28%
97. Drake London WR Falcons N/A -100 catches-1,271 receiving yards -9 receiving touchdowns
26%
38. Nik Bonitto LB Broncos N/A -33 tackles-13.5 sacks -4 passes defended -2 forced fumbles -1 fumble recovery -1 interception -2nd team all-pro -Made pro bowl
26%
98. Aaron Jones RB Vikings N/A -1,138 rushing yards-5 rushing touchdowns
25%
74. Bobby Wagner LB Commanders -15 -75 tackles-2 sacks -4 passes defended -1 forced fumble -2 fumble recoveries -2nd team all-pro -Made pro bowl
25%
53. Jared Verse LB Rams N/A -DROY winner-36 tackles -4.5 sacks -2 forced fumbles -Made pro bowl
25%
94. Sam LaPorta TE Lions -14 -60 catches-726 receiving yards -7 receiving touchdowns
25%
46. Will Anderson DE Texans N/A -27 tackles-11 sacks -2 passes defended -1 forced fumble -1 fumble recovery
25%
84. Christian Gonzalez CB Patriots N/A -50 tackles-11 passes defended -1 fumble recovery -2 interceptions -2nd team all-pro
24%
42. Dion Dawkins OT Bills +54 -Made pro bowl
24%
66. Jalen Ramsey CB Dolphins -41 -39 tackles-1 sack -11 passes defended -2 interceptions
24%
76. Vita Vea DT Buccaneers N/A -27 tackles-7 sacks -1 pass defended -Made pro bowl
24%
71. Kerby Joseph S Lions N/A -58 tackles-12 passes defended -9 interceptions -1st team all-pro
21%
100. Ladd McConkey WR Chargers N/A -82 catches-1,149 receiving yards -7 receiving touchdowns
21%
81. Trent McDuffie CB Chiefs N/A -45 tackles-0.5 sack -13 passes defended -1 forced fumble -2 interceptions -2nd team all-pro
21%
83. Cameron Heyward DT Steelers +15 -35 tackles-11 passes defended -8 sacks -2nd team all-pro -Made pro bowl
20%
63. Josh Hines-Allen DE Jaguars -28 -26 tackles-8 sacks -2 passes defended -1 forced fumble -1 fumble recovery
20%
78. Khalil Mack LB Chargers -49 -20 tackles-6 sacks -9 passes defended -2 forced fumbles -1 fumble recovery -Made pro bowl
20%
86. Laremy Tunsil OT Texans -15 -Made pro bowl
20%
87. Quinnen Williams DT Jets -50 -25 tackles-6 sacks -Made pro bowl
18%
49. Quinyon Mitchell CB Eagles N/A -Super Bowl champ-37 tackles -12 passes defended
17%
92. Jessie Bates S Falcons -18 -62 tackles-1 sack -10 passes defended -4 forced fumbles -1 fumble recovery -4 interceptions
16%
69. Jordan Mailata OT Eagles N/A -Super Bowl champ-2nd team all-pro
16%
93. Creed Humphrey C Chiefs N/A -1st team all-pro-Made pro bowl
14%
70. Frankie Luvu LB Commanders N/A -54 tackles-8 sacks -7 passes defended -1 forced fumble -2 fumble recoveries -1 interception -2nd team all-pro
14%
80. Rashan Gary DE Packers -30 -26 tackles-7.5 sacks -1 pass defended -1 forced fumble -1 fumble recovery -Made pro bowl
14%
75. Patrick Queen LB Steelers -11 -65 tackles-1 sack -7 passes defended -2 forced fumbles -Made pro bowl
13%
88. Andrew Van Ginkel LB Vikings N/A -50 tackles-11.5 sacks -6 passes defended -1 fumble recovery -2 interceptions -2nd team all-pro -Made pro bowl
11%
48. Jonathan Greenard LB Vikings N/A -41 tackles-12 sacks -3 passes defended -4 forced fumbles -Made pro bowl
11%
96. Lavonte David LB Buccaneers +3 -76 tackles-5.5 sacks -6 passes defended -1 fumble recovery -1 interception
11%
90. Zach Allen DE Broncos N/A -32 tackles-8.5 sacks -1 pass defended -2nd team all-pro
9%
95. Josh Sweat DE Eagles N/A -Super Bowl champ-27 tackles -8 sacks -2 passes defended
7%
99. Leonard Williams DE Seahawks N/A -37 tackles-11 sacks -3 passes defended -1 interception -Made pro bowl
5%
No matching quizzes found
Score Distribution
Percent of People with Each Score
Percentile by Number Answered
Your Score History
You have not taken this quiz